| 000 | 00644nam a2200229 i 4500 | ||
|---|---|---|---|
| 001 | 9878 | ||
| 003 | ES-MaACL | ||
| 005 | 20230906145756.0 | ||
| 008 | 940324s1993 sp ||||1| spa d | ||
| 020 | _a84-03-59472-0 | ||
| 080 | _a791.43 | ||
| 080 | _a86.0(729.1)-95"19" | ||
| 080 | _a86.0(729.1)(Cabrera,G.7 O.01) | ||
| 100 | 1 |
_aCabrera Infante, Guillermo. _933315 |
|
| 245 | 1 | 3 |
_aUn oficio del siglo XX / _cGuillermo Cabrera Infante. |
| 250 | _a1ª ed. | ||
| 260 |
_aMadrid : _bEl País : _bAguilar, _c1993. |
||
| 300 |
_a451 p. ; _c24 cm. |
||
| 500 | _aÍndices. | ||
| 650 | 1 | 4 |
_aCine- _vCríticas. _911020 |
| 852 |
_aES-MaACL _jL-17348 |
||
| 999 |
_c9878 _d9878 |
||